000 00352pab a2200157 454500
008 180718b2001 xxu||||| |||| 00| 0 eng d
100 _aSridharan, E.
245 _aReforming political finance
260 _c2001
300 _ap.29-36
362 _aOct
650 _aElections - India
650 _aElections
773 _aSeminar
909 _a50048
999 _c50048
_d50048